=LDR 00000nam 2200000 4500 =001 INLIS000000000012497 =005 20130612104019 =008 ***********************************Ind** =035 ##$$0010-061300000012497 =041 ##$$a Ind =082 ##$$a 492.707 =090 ##$$a 492.707, Hid p =100 ##$$a Hidayat, H.O =245 ##$$a Pelajaran bahasa Arap Untuk Madrasah Tsanawiyah, Drs. H.O Hidayat MA =260 ##$$a 1995 $b Jakarta =300 ##$$a ...Jil =650 ##$$a Bahasa Arab =850 ##$$a NBPNMAT